| Tag |
First Indicator |
Second Indicator |
Subfields |
| LEADER |
00000cas a22000001 4500 |
| 001 |
in00000055323 |
| 005 |
20230221200101.6 |
| 008 |
751101d19511993ja ar o0 a0eng |
| 010 |
|
|
|a 58032154
|
| 016 |
7 |
|
|a 011758062
|2 Uk
|
| 019 |
|
|
|a 2268611
|a 1065252595
|
| 022 |
|
|
|a 0082-4747
|l 0082-4747
|
| 029 |
1 |
|
|a AU@
|b 000023141782
|
| 029 |
1 |
|
|a NZ1
|b 3816827
|
| 029 |
1 |
|
|a UKMGB
|b 011758062
|
| 030 |
|
|
|a MTTMAO
|
| 035 |
|
|
|a (OCoLC)ocm01767592
|
| 035 |
|
|
|a (OCoLC)1767592
|z (OCoLC)2268611
|z (OCoLC)1065252595
|
| 035 |
|
|
|a (OCoLC)ocm01767592
|
| 040 |
|
|
|a DLC
|b eng
|c MUL
|d COO
|d DLC
|d OCL
|d SER
|d AIP
|d NST
|d DLC
|d TJC
|d OCLCQ
|d UKMGB
|d OCLCF
|d OCLCO
|d OCLCQ
|d PUL
|
| 042 |
|
|
|a pcc
|
| 050 |
0 |
0 |
|a TA7
|b .T6
|
| 082 |
0 |
4 |
|a 620.82
|
| 110 |
2 |
|
|a Tōkyō Toritsu Daigaku.
|b Kōgakubu.
|
| 210 |
0 |
|
|a Mem. Fac. Technol., Tokyo Metrop. Univ.
|
| 222 |
|
0 |
|a Memoirs of Faculty of Technology, Tokyo Metropolitan University
|
| 245 |
1 |
0 |
|a Memoirs of Faculty of Technology, Tokyo Metropolitan University.
|
| 264 |
|
1 |
|a Tokyo :
|b [publisher not identified]
|
| 300 |
|
|
|a 43 volumes
|b illustrations, diagrams
|c 26 cm
|
| 310 |
|
|
|a Annual
|
| 336 |
|
|
|a text
|b txt
|2 rdacontent
|
| 337 |
|
|
|a unmediated
|b n
|2 rdamedia
|
| 338 |
|
|
|a volume
|b nc
|2 rdacarrier
|
| 362 |
0 |
|
|a no. 1-43; 1951-93.
|
| 510 |
2 |
|
|a Chemical abstracts
|x 0009-2258
|
| 546 |
|
|
|a Title also in Japanese.
|
| 650 |
|
0 |
|a Engineering
|v Periodicals.
|
| 650 |
|
7 |
|a Engineering.
|2 fast
|0 (OCoLC)fst00910312
|
| 655 |
|
7 |
|a Periodicals.
|2 fast
|0 (OCoLC)fst01411641
|
| 655 |
|
7 |
|a Periodicals.
|2 lcgft
|0 http://id.loc.gov/authorities/genreForms/gf2014026139
|0 (uri) http://id.loc.gov/authorities/genreForms/gf2014026139
|
| 776 |
0 |
8 |
|i Online version:
|a Tōkyō Toritsu Daigaku. Kōgakubu.
|t Memoirs of Faculty of Technology, Tokyo Metropolitan University
|w (OCoLC)610041238
|
| 785 |
0 |
0 |
|t Memoirs of Faculty of Engineering, Tokyo Metropolitan University
|w (DLC) 96645811
|w (OCoLC)33196085
|
| 850 |
|
|
|a AU
|a DLC
|a MCM
|
| 948 |
|
|
|h HELD BY TXA - 82 OTHER HOLDINGS
|
| 994 |
|
|
|a Z0
|b TXA
|
| 999 |
f |
f |
|s 122ebe2e-105a-38a9-acf1-5119f96c1cf1
|i 5da455db-e2f5-395f-89dd-ed2e64c95d8b
|t 0
|
| 952 |
f |
f |
|p ric
|a Texas A&M University
|b Rellis Campus
|c Joint Library Facility
|d Remote Storage
|t 0
|e TA7 .T6
|h Library of Congress classification
|i unmediated -- volume
|k 1-3
|l 1951/1953
|m A14842184658
|
| 998 |
f |
f |
|a TA7 .T6
|s no.1 (1961)-no.9 (1968)
|t 0
|l Remote Storage
|